Manpower planning in a free society /

Bibliographic Details
Main Author: Lester, Richard Allen, 1908-1997
Corporate Authors: Princeton University. Industrial Relations Section, University of California, Berkeley. Institute of Industrial Relations
Format: Book
Language:English
Published: Princeton, N.J. : Princeton University Press, 1966.
Subjects:

MARC

Tag First Indicator Second Indicator Subfields
LEADER 00000cam a22000001 4500
001 in00000055484
005 20151008052237.0
008 711013s1966 nju b 00010 eng
010 |a  66014890  
035 |a (OCoLC)00232373 
035 |9 AAH2418AM 
040 |a DLC  |c DLC  |d TXA  |d UtOrBLW 
049 |a TXAM  |c [455756] 
050 0 0 |a HD5706  |b .L52 
082 0 |a 331.0973 
092 |a 331  |b L642m 
100 1 |a Lester, Richard Allen,  |d 1908-1997. 
245 1 0 |a Manpower planning in a free society /  |c [by] Richard A. Lester. 
264 1 |a Princeton, N.J. :  |b Princeton University Press,  |c 1966. 
300 |a xiv, 227 pages ;  |c 21 cm. 
336 |a text  |b txt  |2 rdacontent 
337 |a unmediated  |b n  |2 rdamedia 
338 |a volume  |b nc  |2 rdacarrier 
500 |a "A joint project of the Industrial Relations Section, Princeton University and the Program of Unemployment and the American Economy of the Institute of Industrial Relations of the University of California (Berkeley)" 
504 |a Bibliographical footnotes. 
650 0 |a Labor supply. 
710 2 |a Princeton University.  |b Industrial Relations Section. 
710 2 |a University of California, Berkeley.  |b Institute of Industrial Relations. 
999 |a MARS 
999 f f |s 39eedbf2-3892-37ee-9d33-b36fa22b6fc6  |i 1482610a-66a2-3226-9aea-2fa142495516  |t 0 
952 f f |p ric  |a Texas A&M University  |b Rellis Campus  |c Joint Library Facility  |d Remote Storage  |t 0  |e HD5706 .L52  |h Library of Congress classification  |i unmediated -- volume  |m A14800711739 
998 f f |a HD5706 .L52  |t 0  |l Remote Storage